Počítačová podpora hodnotenia rizika

Možnosti počítačovej podpory hodnotenia rizika. Pravdepodobnostná simulácia metódou Monte Carlo. Využitie počítačovej podpory hodnotenia rizika na Slovensku.

Na minha lista:
Detalhes bibliográficos
Autor principal: Varcholová, Tatiana
Outros Autores: Talárovič, Rastislav
Formato: Capítulo de Livro
Idioma:eslovaco
Assuntos:
Tags: Adicionar Tag
Sem tags, seja o primeiro a adicionar uma tag!

MARC

LEADER 00000naa a2200000 4500
001 r044604
005 20230918081756.2
041 0 |a slo 
044 |a SK 
245 1 0 |a Počítačová podpora hodnotenia rizika  |c Tatiana Varcholová, Rastislav Talárovič 
520 |a Možnosti počítačovej podpory hodnotenia rizika. Pravdepodobnostná simulácia metódou Monte Carlo. Využitie počítačovej podpory hodnotenia rizika na Slovensku. 
610 2 0 |a riziko 
610 2 0 |a modely ekonomicko-matematické 
610 2 0 |a metóda Monte Carlo 
610 2 0 |a simulácia 
610 2 0 |a nástroje riadenia 
100 1 |a Varcholová, Tatiana 
700 1 |a Talárovič, Rastislav